000 00655nam a2200217Ia 4500
008 191130s2007##################000#0#eng##
020 _a9780199248681
040 _aACL
_cACL
082 _a338.9 LAF
100 _aLaffont, Jean-Jacques
245 _aIncentives and political economy
_cJean-Jacques Laffont
260 _aOxford
_bOxford University Press
_cc 2007
300 _axii, 257 p
500 _aIncludes bibliographical references (p. [231]-242) and index
650 _aCommercial policy
650 _aEconomic policy
650 _aIndustrial policy
990 _a258a8791ac10000c0a815ecac2b855d8
991 _a278688
999 _c267046
_d267046